| 000 | 01094nam a22003257a 4500 | ||
|---|---|---|---|
| 005 | 2011012807357.0 | ||
| 008 | 110128t xxu||||| |||| 00| 0 eng d | ||
| 010 | _aENG-101980 | ||
| 020 |
_a9780070700321 _c425.00 |
||
| 020 |
_a007070032x _c425.00 |
||
| 035 | _aEN-85513 | ||
| 037 | _bDBAD/PUB | ||
| 040 |
_adpl _bEng |
||
| 082 | _a531.102462 | ||
| 100 | _925452 | ||
| 245 |
_aVector mechanics for engineers : _cby Ferdinand P. Beer...[et al] _bdynamics / |
||
| 250 | _a9th ed | ||
| 260 |
_aNew Delhi _bTata McGraw Hill _c2011 |
||
| 270 |
_a7 West Patel Nagar _bNew Delhi _e2010 |
||
| 300 |
_axxvi, 601-1355 p. : _bill. _c24cm (pbk) |
||
| 500 | _aIncludes index | ||
| 650 |
_925454 _aDynamics. |
||
| 650 |
_925455 _aVector analysis. |
||
| 650 |
_925456 _aMechanics, Applied. |
||
| 650 | _925457 | ||
| 700 |
_925458 _aBeer, Ferdinand P. |
||
| 700 | _925459 | ||
| 942 |
_2ddc _cEN _h531.102462 _mVEC |
||
| 999 |
_c50190 _d50190 |
||